Entre el roig i el negre: Una crònica de la Barcelona anarquista / Miquel Mir Serra Una crònica de la Barcelona anarquista / Miquel Mir Serra
ISBN:
84-96444-11-2
Descripción Física:
250 p. ; 21 cm
Colección:
Llibres dels quatre cantons ; 24
MARC
| LEADER | 00000nam a2200000Ia 4500 | ||
|---|---|---|---|
| 001 | 17022 | ||
| 008 | 160829s2005 xx 000 0 cat d | ||
| 020 | |a 84-96444-11-2 | ||
| 080 | |a L-2-57 | ||
| 100 | |a Mir Serra, Miquel |9 22592 | ||
| 245 | |a Entre el roig i el negre: |b Una crònica de la Barcelona anarquista / Miquel Mir Serra | ||
| 260 | |a Girona : |b CCG Edicions, |c 2005 | ||
| 300 | |a 250 p. ; |c 21 cm | ||
| 490 | |a Llibres dels quatre cantons ; 24 | ||
| 650 | |a Novel·la catalana |x S. XXI |9 22593 | ||
| 650 | |a Anarquisme |x Barcelona |9 22594 | ||
| 650 | |a Anarquisme |x Barcelona (Catalunya) |x Narrativa |9 22595 | ||
| 901 | |a Arxiu | ||
| 942 | |n 1 | ||
| 952 | |0 0 |1 0 |4 0 |6 L257 |7 1 |9 42248 |a Arxiu |b Arxiu |d 2016-12-01 |l 0 |o L-2-57 |p 17022 |r 2016-12-01 00:00:00 |w 2016-12-01 |y ARXIU | ||
| 999 | |c 44726 |d 44726 | ||